LIBRARY ONLINE CATALOGUE

New Bible commentary : (Record no. 21461)

MARC details
000 -LEADER
fixed length control field 01236pam a2200349 a 4500
001 - CONTROL NUMBER
control field 3485422
003 - CONTROL NUMBER IDENTIFIER
control field OSt
005 - DATE AND TIME OF LATEST TRANSACTION
control field 20260316123942.0
008 - FIXED-LENGTH DATA ELEMENTS--GENERAL INFORMATION
fixed length control field 940202s1994 enkab 000 0 eng
010 ## - LIBRARY OF CONGRESS CONTROL NUMBER
LC control number 94004076
020 ## - INTERNATIONAL STANDARD BOOK NUMBER
International Standard Book Number 085110648X
Qualifying information UK
020 ## - INTERNATIONAL STANDARD BOOK NUMBER
International Standard Book Number 0830814426
Qualifying information USA
020 ## - INTERNATIONAL STANDARD BOOK NUMBER
International Standard Book Number 9780830814428
Qualifying information (USA)
035 ## - SYSTEM CONTROL NUMBER
System control number 3485422
040 ## - CATALOGING SOURCE
Original cataloging agency DLC
Transcribing agency DLC
Modifying agency DLC
050 00 - LIBRARY OF CONGRESS CALL NUMBER
Classification number BS491.2
Item number .N45 1994
082 00 - DEWEY DECIMAL CLASSIFICATION NUMBER
Classification number 220.7
Edition number 20
245 00 - TITLE STATEMENT
Title New Bible commentary :
Remainder of title 21st century edition /
Statement of responsibility, etc. consulting editors, D.A. Carson ... [et al.].
250 ## - EDITION STATEMENT
Edition statement 4th ed.
260 ## - PUBLICATION, DISTRIBUTION, ETC. (IMPRINT)
Place of publication, distribution, etc. Leicester, England ;
-- Downers Grove, Ill., USA :
Name of publisher, distributor, etc. Inter-Varsity Press,
Date of publication, distribution, etc. 1994.
300 ## - PHYSICAL DESCRIPTION
Extent xiii, 1455 p. :
Other physical details ill., maps ;
Dimensions 25 cm.
336 ## - CONTENT TYPE
Content type term text
Content type code txt
Source rdacontent
337 ## - MEDIA TYPE
Media type term unmediated
Media type code n
Source rdamedia
338 ## - CARRIER TYPE
Carrier type term volume
Carrier type code nc
Source rdacarrier
500 ## - GENERAL NOTE
General note Rev. ed. of: The new Bible commentary. 3rd ed. / edited by D. Guthrie, J.A. Motyer. 1970.
630 00 - SUBJECT ADDED ENTRY--UNIFORM TITLE
Uniform title Bible
General subdivision Commentaries.
700 1# - ADDED ENTRY--PERSONAL NAME
Personal name Carson, D. A.
906 ## - LOCAL DATA ELEMENT F, LDF (RLIN)
a 7
b cbc
c orignew
d 1
e ocip
f 19
g y-gencatlg
942 ## - ADDED ENTRY ELEMENTS (KOHA)
Source of classification or shelving scheme Library of Congress Classification
Koha item type General Collection
Holdings
Withdrawn status Lost status Source of classification or shelving scheme Not for loan Home library Current library Shelving location Date acquired Source of acquisition Inventory number Total Checkouts Full call number Barcode Date last seen Copy number Price effective from Koha item type
    Library of Congress Classification   Kabarak, Main Campus Kabarak, Main Campus General Stacks 16/03/2026 Donation 2025/3074   BS491.2 .N45 1994 C.1 39388 16/03/2026 C.1 16/03/2026 General Collection